书目信息 |
| 题名: |
消防工程实验理论与技术
|
|
| 作者: | 张新中 , 桂林 , 孙凌帆 编著 | |
| 分册: | ||
| 出版信息: | 郑州 黄河水利出版社 2009.09 |
|
| 页数: | 238页 | |
| 开本: | 26cm | |
| 丛书名: | ||
| 单 册: | ||
| 中图分类: | TU998.1 | |
| 科图分类: | ||
| 主题词: | 消防--xiao fang | |
| 电子资源: | ||
| ISBN: | 978-7-80734-697-5 | |
| 000 | 01027nam0 2200265 450 | |
| 001 | 012010739809 | |
| 005 | 20100802101354.26 | |
| 010 | @a978-7-80734-697-5@dCNY25.00 | |
| 100 | @a20100802d2009 em y0chiy0120 ea | |
| 101 | 0 | @achi |
| 102 | @aCN@b410000 | |
| 105 | @aak a 000yy | |
| 106 | @ar | |
| 200 | 1 | @a消防工程实验理论与技术@Axiao fang gong cheng shi yan li lun yu ji shu@f张新中, 桂林, 孙凌帆编著@Fzhang xin zhong,gui lin,sun ling fan bian zhu |
| 210 | @a郑州@c黄河水利出版社@d2009.09 | |
| 215 | @a238页@c图@d26cm | |
| 320 | @a有书目 (第238页) | |
| 330 | @a本书主要介绍了实验数据分析与整理,消防工程基本测量,建筑火灾及火灾防护措施,建筑材料高温下的性能,可燃气体燃烧实验理论与技术,可燃液体燃烧实验理论与技术,可燃粉尘实验理论与技术和消防工程专业综合实验部分。 | |
| 606 | 0 | @a消防@Axiao fang |
| 690 | @aTU998.1@v4 | |
| 701 | 0 | @a张新中@Azhang xin zhong@4编著 |
| 701 | 0 | @a桂林@Agui lin@4编著 |
| 701 | 0 | @a孙凌帆@Asun ling fan@4编著 |
| 801 | 0 | @aCN@bQSSK@c20100802 |
| 905 | @b785881-85@dTU998.1@eZ219@f5 | |
| 消防工程实验理论与技术/张新中, 桂林, 孙凌帆编著.-郑州:黄河水利出版社,2009.09 |
| 238页:图;26cm |
| ISBN 978-7-80734-697-5:CNY25.00 |
| 本书主要介绍了实验数据分析与整理,消防工程基本测量,建筑火灾及火灾防护措施,建筑材料高温下的性能,可燃气体燃烧实验理论与技术,可燃液体燃烧实验理论与技术,可燃粉尘实验理论与技术和消防工程专业综合实验部分。 |
| ● |
| 相关链接 |
|
|
|
正题名:消防工程实验理论与技术
索取号:TU998.1/Z219
 
预约/预借
| 序号 | 登录号 | 条形码 | 馆藏地/架位号 | 状态 | 备注 |
| 1 | 785881 | 207858816 | 自科二线404/404自科库 7排6列1层/ [索取号:TU998.1/Z219] | 在馆 | |
| 2 | 785882 | 207858825 | 建筑库201/201建筑库 140排2列6层/ [索取号:TU998.1/Z219] | 在馆 | |
| 3 | 785883 | 207858834 | 建筑库201/201建筑库 140排2列6层/ [索取号:TU998.1/Z219] | 在馆 | |
| 4 | 785884 | 207858843 | 建筑库201/201建筑库 140排2列6层/ [索取号:TU998.1/Z219] | 在馆 | |
| 5 | 785885 | 207858852 | 自科二线404/404自科库 7排6列1层/ [索取号:TU998.1/Z219] | 在馆 |